Phần tử tự động trong hệ thống điện /

Cuốn sách nhằm phục vụ các kỹ sư, cán bộ kỹ thuật, sinh viên, học sinh cao đẳng ngành "Hệ thống điện", đặc biệt các cán bộ đang làm công tác thiết kế, lắp đặt vận hành bảo dưỡng các thiết bị bảo vệ rơle, tự động điều khiển, tự động hoá công tác điều độ....

Cur síos iomlán

Đã lưu trong:
Sonraí Bibleagrafaíochta
Príomhúdar: Nguyễn Hồng Thái, PTS.
Formáid: Leabhar
Teanga:Vietnamese
Foilsithe: Hà Nội : Khoa học và kỹ thuật, 2000.
Ábhair:
Clibeanna: Cuir Clib Leis
Gan Chlibeanna, Bí ar an gcéad duine leis an taifead seo a chlibeáil!
Thư viện lưu trữ: Mạng thư viện Đại học Đà Nẵng
LEADER 01239cam a2200349 i 4500
001 000042189
003 62
005 20041001092212.0
008 010301b2000 vm 000 vie
020 |c 39000 
022 |a T 
040 |a IRC  |c IRC  |d IRC 
041 0 |a vie 
082 1 4 |a 621.3  |b NG-T 
100 1 |a Nguyễn Hồng Thái,  |c PTS. 
245 1 0 |a Phần tử tự động trong hệ thống điện /  |c Nguyễn Hồng Thái. 
260 |a Hà Nội :  |b Khoa học và kỹ thuật,  |c 2000. 
300 |a 331 tr. ;  |c 27 cm. 
520 3 |a Cuốn sách nhằm phục vụ các kỹ sư, cán bộ kỹ thuật, sinh viên, học sinh cao đẳng ngành "Hệ thống điện", đặc biệt các cán bộ đang làm công tác thiết kế, lắp đặt vận hành bảo dưỡng các thiết bị bảo vệ rơle, tự động điều khiển, tự động hoá công tác điều độ. 
630 0 4 |a Điện. 
630 0 4 |a Vật lý ứng dụng. 
650 0 4 |a Hệ thống điện. 
OWN |a DUT 
999 |a From the UDN01 
TYP |a Monograph 
TYP |a Printed language 
980 |a Mạng thư viện Đại học Đà Nẵng